01445cam a22003255a 45000010009000000050017000090080041000260100017000670200025000840200022001090350024001310400064001550420014002190820024002332450082002572600065003393000034004044900018004385000025004565040041004815050282005225900011008046500042008156510010008576530025008677000038008929420027009309990017009579520145009741922562320161121101514.0160811s2015 enka frb 001 0 eng d a 2016438594 a9780727758415 (pbk.) a0727758411 (pbk.) a(OCoLC)ocn920454097 aSISPLbengcSISPLdYDXCPdOCLCFdMOUdUKWOHdDLCdEG-ScBUE  alccopycat04222a620.00151 bFUN10aFundamentals of engineering mathematics /cSubhamoy Bhattacharya... [et al.]. aLondon :bICE Publishing / Thomas Telford Limited ,cc.2015. axiv, 178 p. :bill. ;c25 cm.1 aICE textbooks aIndex : p. 173-178. aIncludes bibliographical references.0 aAlgebra -- Trigonometry -- Plane and coordinate geometry -- Calculus -- Probability and statistics -- Properties of area -- Equilibrium of bodies -- Dimensional analysis -- Experimental data analysis -- Appendix : frequently used units and symbols in mathematics and mechanics. aWessam 7aEngineering mathematics.2BUEsh93194 2BUEsh bENGGENcNovember20161 aBhattacharya, Subhamoy‏.941681 2ddce22k620.00151 FUN c23218d23190 00102ddc40708BaccahaMAINbMAINc1STd2016-11-21ePurchaseg450.00h25845l0o620.00151 FUNp000034805r2025-07-15 00:00:00v600.00yBB